000 00801nam a2200229 4500
999 _c13628
_d13628
003 MIRAKIL
005 20191122143430.0
008 191122b tu ||||| |||| 00| 0 tur d
020 _a9786053606963
040 _aTR-AnCHP
_cTR-AnCHP
041 _atur
082 _a823.914
_bS55y 2012
100 _aSmith, Alexander McCall
245 1 0 _aYedi yaşında olmanın önemi /
_cAlexander McCall Smith ; çeviren: Çiçek Eriş
260 _aİstanbul:
_bTürkiye İş Bankası Kültür Yayınları,
_c2012.
300 _aıx, 421 s.:
_c19 sm.
490 0 _aTürkiye İş Bankası Kültür Yayınları;
_vGenel yayın: 2624
500 _aÖzgün yapıt adı: The importance of being seven.
650 0 _95124
_aİngiliz edebiyatı
_xRoman
700 _96126
_aEriş, Çiçek
_eçev.
942 _2ddc
_cBKS